Krátkodobá predikcia glykémie pri diabete 1. typu

Saved in:
Bibliographic Details
Main Author: Vinczlér, Viktor (Author)
Other Authors: Tárník, Marián (Thesis advisor)
Format: Manuscript Book
Language:Slovak
Published: 2019
Subjects:
Online Access:http://is.stuba.sk/zp/portal_zp.pl?podrobnosti=145630
Tags: Add Tag
No Tags, Be the first to tag this record!

MARC

LEADER 00000ntm a22000003a 4500
001 stuzp71531
003 SK-STU
005 20190704090648.3
007 ta
008 150427s2015----xo-----f-mn---000-0-slo-d
040 |a STU  |b slo 
041 0 |a slo 
044 |a xo 
100 1 |a Vinczlér, Viktor  |u 031000  |4 aut  |U FEI Fakulta elektrotechniky a informatiky  |T FEI Ústav robotiky a kybernetiky  |X 76761  |U E011  |Y 356  |7 76761 
242 0 1 |a Short-term Prediction of Glycemia in Type 1 Diabetes  |y eng 
245 1 0 |a Krátkodobá predikcia glykémie pri diabete 1. typu 
260 |c 2019 
300 |a 67 s.,  |b CD-ROM 
650 4 |a Predikcia  |2 slo 
650 4 |a Glykémia  |2 slo 
650 4 |a Diabetes  |2 slo 
650 4 |a Modelovanie diabetu  |2 slo 
650 4 |a Bergmanov model  |2 slo 
650 4 |a ARX model  |2 slo 
650 4 |a Empirický model  |2 slo 
650 4 |a Prediction  |2 eng 
650 4 |a Blood glucose  |2 eng 
650 4 |a Glycemia  |2 eng 
650 4 |a Diabetes  |2 eng 
650 4 |a Diabetes modelling  |2 eng 
650 4 |a Bergman model  |2 eng 
650 4 |a ARX model  |2 eng 
650 4 |a Empirical model  |2 eng 
700 1 |a Tárník, Marián  |u 031000  |k Z1  |4 ths  |U FEI Fakulta elektrotechniky a informatiky  |T FEI Ústav robotiky a kybernetiky  |X 29002  |U E011  |Y 356  |7 A000029002 
856 4 |u http://is.stuba.sk/zp/portal_zp.pl?podrobnosti=145630 
996 |b 284EP12273  |c E*DIPL- 12273  |l EE31  |s P  |a 0  |w stuzp71531_0001